<The> New Cambridge History of Islam
Gespeichert in:
| Weitere Verfasser: | |
|---|---|
| Format: | Buch |
| Sprache: | Englisch |
| Veröffentlicht: |
Cambridge
Cambridge University Press
2017
|
| Schlagworte: | |
| Tags: |
Keine Tags, Fügen Sie das erste Tag hinzu!
|
MARC
| LEADER | 00000nam a2200000 4500 | ||
|---|---|---|---|
| 001 | 0258164 | ||
| 005 | 20240221111413.5 | ||
| 020 | |a 978-0-521-83824-5 | ||
| 020 | |a 978-0-521-51536-8 | ||
| 041 | 0 | |a eng | |
| 044 | |a GB | ||
| 245 | 1 | 0 | |a <The> New Cambridge History of Islam |c Edited by: Robert Irwin |
| 264 | 1 | |a Cambridge |b Cambridge University Press |c 2017 | |
| 300 | |a 921 s. | ||
| 610 | 2 | 0 | |a náboženstvo |
| 610 | 2 | 0 | |a islam |
| 610 | 2 | 0 | |a história |
| 610 | 2 | 0 | |a vývoj |
| 610 | 2 | 0 | |a zákony |
| 610 | 2 | 0 | |a spoločnosť |
| 610 | 2 | 0 | |a politika |
| 610 | 2 | 0 | |a politika hospodárska |
| 610 | 2 | 0 | |a literatúra |
| 610 | 2 | 0 | |a vzdelanie |
| 610 | 2 | 0 | |a umenie |
| 610 | 2 | 0 | |a kultúra |
| 700 | 1 | |a Irwin, Robert | |